000 00846nam0a22002651 4500
001 RU\INFOCOMM_327\NLR\5000048545
005 20250613111821.0
035 _a(NLR Aleph) 009596624
090 _a9284192
_c9284192
100 _a20130305d1955 |||y0rusy50 ca
101 1 _aeng
_crus
102 _aRU
105 _ay z |||||
200 1 _aˆThe ‰pipe
_aˆ[‰Winner
_aWinter oak]
_e(Stories)
_f[Transl. from the Russ. by V. Shneerson]
210 _aM.
_cForeign languages publ. house
_d[1955]
215 _a112 с., 1 л. портр.
_cпортр.
_d16 см
225 1 _aSoviet short stories
620 _aМосква
686 _aЛх259(англ.)-2б
_2rubbk
700 1 _aNagibin
_bJ. M.
_f1920-
_gJurij Markovič
801 1 _aRU
_bInfocomm
_c20130305
801 0 _aRU
_bINFOCOMM
_gPSBO
852 _aNLR
_jЛ31 Г-1/203
942 _cBOOK
980 _aNB